[Event "Heusenstamm Schloss op"]
[Site "Heusenstamm"]
[Date "2023.11.26"]
[Round "6"]
[White "Harringer, Manfred"]
[Black "Prill, Gerhard"]
[Result "1-0"]
[WhiteElo "2031"]
[BlackElo "1835"]
[PlyCount "49"]
[EventDate "2023.11.23"]
[EventType "swiss"]
[EventRounds "7"]
[EventCountry "GER"]
[SourceTitle "CB50_2023"]
[SourceDate "2023.12.13"]
[SourceVersion "1"]
[SourceVersionDate "2023.12.13"]
[SourceQuality "1"]

1. e4 e5 2. Nf3 Nc6 3. Bb5 a6 4. Ba4 Nf6 5. 0-0 Nxe4 6. d4 b5 7. Bb3 d5 8. dxe5 Be6 9. Nbd2 Nc5 10. c3 Nxb3 11. Nxb3 Be7 12. h3 0-0 13. Be3 Qd7 14. Bc5 Rfd8 15. Re1 h6 16. Qe2 Qe8 17. Nfd4 Bg5 18. Qf3 Rdb8 19. Qg3 a5 20. f4 Bd8 21. f5 Bc8 22. e6 Nxd4 23. Bxd4 f6 24. e7 Bxe7 25. Bxf6 1-0

[Event "Rhein Main op-A 25th"]
[Site "Bad Homburg"]
[Date "2023.06.08"]
[Round "2"]
[White "Schmid, Roland1111"]
[Black "Harringer, Manfred"]
[Result "1/2-1/2"]
[WhiteElo "2215"]
[BlackElo "2005"]
[PlyCount "107"]
[EventDate "2023.06.07"]
[EventType "swiss"]
[EventRounds "7"]
[EventCountry "GER"]
[SourceTitle "CBM 215 Extra"]
[Source "ChessBase"]
[SourceDate "2023.09.30"]
[SourceVersion "1"]
[SourceVersionDate "2023.09.30"]
[SourceQuality "1"]

1. Nf3 Nf6 2. c4 e6 3. g3 d5 4. d4 Be7 5. Bg2 0-0 6. 0-0 dxc4 7. Ne5 Nc6 8. Bxc6 bxc6 9. Nxc6 Qe8 10. Nxe7+ Qxe7 11. Qa4 e5 12. dxe5 Qxe5 13. Qxc4 Be6 14. Qc2 Qh5 15. f3 Rfd8 16. Nc3 Bh3 17. Re1 Qc5+ 18. Kh1 Nd5 19. e4 Nxc3 20. Be3 Qc4 21. bxc3 Rd3 22. Rac1 h5 23. Kg1 Rad8 24. Qe2 Be6 25. Rc2 Rxc3 26. Qxc4 Rxc4 27. Rxc4 Bxc4 28. Rc1 Bxa2 29. Bxa7 Rd7 30. Be3 Bb3 31. Kf2 Ba4 32. Rc4 Bb5 33. Rc5 c6 34. Rxh5 Rd1 35. Re5 Rf1+ 36. Kg2 Be2 37. Rf5 Rb1 38. g4 Rb3 39. Kf2 Rb2 40. Kg3 Rb3 41. Kf4 f6 42. h4 Rb5 43. Rxb5 cxb5 44. g5 Kf7 45. gxf6 Kxf6 46. Bd4+ Kf7 47. Ke3 Bd1 48. f4 g6 49. f5 gxf5 50. exf5 b4 51. Kf4 Kg8 52. Kg5 Ba4 53. h5 Be8 54. Bb2 1/2-1/2

[Event "Biel HTO 53rd"]
[Site "Biel"]
[Date "2020.07.26"]
[Round "6"]
[White "Harringer, Manfred"]
[Black "Norden, Marc"]
[Result "0-1"]
[WhiteElo "2008"]
[BlackElo "1690"]
[PlyCount "116"]
[EventDate "2020.07.20"]
[EventType "swiss"]
[EventRounds "9"]
[EventCountry "SUI"]
[SourceTitle "CBM 197"]
[Source "ChessBase"]
[SourceDate "2020.07.27"]
[SourceVersion "1"]
[SourceVersionDate "2020.07.27"]
[SourceQuality "1"]

1. e4 c6 2. d4 d5 3. Nd2 dxe4 4. Nxe4 Bf5 5. Ng3 Bg6 6. h4 h6 7. Nh3 e6 8. Nf4 Ne7 9. c3 Nd7 10. Bc4 Qa5 11. Qf3 Nf6 12. 0-0 Nfd5 13. Nxg6 Nxg6 14. h5 Nh4 15. Qe2 Be7 16. Bd2 Qd8 17. Rfe1 0-0 18. Bd3 Bg5 19. Ne4 Bxd2 20. Qxd2 Nf5 21. g3 Nd6 22. Qe2 Nxe4 23. Qxe4 Nf6 24. Qf3 Qd5 25. Qxd5 cxd5 26. Be2 Rac8 27. a4 a5 28. Ra3 Ne4 29. Rb3 Rb8 30. Rd1 Rfc8 31. Kg2 Kf8 32. Kf3 Ke7 33. Bd3 Nd6 34. Re1 Kf6 35. Kg2 b6 36. f4 Rc7 37. g4 Rbb7 38. Kg3 Nc4 39. Re2 Nd6 40. Re5 Nc4 41. g5+ Ke7 42. Re2 Kd6 43. Kg4 Kc6 44. Bxc4 dxc4 45. Rb5 Re7 46. Rbe5 Kd6 47. gxh6 gxh6 48. f5 Rb8 49. Kf4 Rbe8 50. f6 Rb7 51. Rg2 Rh8 52. Rg7 Rd7 53. Rb5 Rb7 54. Ke4 Kc6 55. b3 cxb3 56. c4 Rd7 57. Ke5 Kc7 58. Rxb3 Kc6 0-1

[Event "Biel HTO 53rd"]
[Site "Biel"]
[Date "2020.07.23"]
[Round "4"]
[White "Harringer, Manfred"]
[Black "Rempe, Jonas"]
[Result "1-0"]
[WhiteElo "2008"]
[BlackElo "1801"]
[PlyCount "179"]
[EventDate "2020.07.20"]
[EventType "swiss"]
[EventRounds "9"]
[EventCountry "SUI"]
[SourceTitle "CBM 197"]
[Source "ChessBase"]
[SourceDate "2020.07.27"]
[SourceVersion "1"]
[SourceVersionDate "2020.07.27"]
[SourceQuality "1"]

1. e4 e5 2. Nf3 Nc6 3. Bb5 a6 4. Ba4 Nf6 5. 0-0 Be7 6. d3 b5 7. Bb3 0-0 8. Re1 d6 9. c3 Na5 10. Bc2 c5 11. Nbd2 Nc6 12. Nf1 h6 13. h3 Be6 14. Ng3 Rc8 15. a4 b4 16. Bb3 Na5 17. Bxe6 fxe6 18. Be3 bxc3 19. bxc3 Qc7 20. Qc2 Nh7 21. Qa2 c4 22. d4 Nb3 23. Rad1 Rxf3 24. gxf3 Ng5 25. Bxg5 Bxg5 26. dxe5 dxe5 27. Qe2 Qf7 28. Rd6 Qe7 29. Rdd1 g6 30. Nf1 Bf4 31. Ne3 Qg5+ 32. Kh1 Qh5 33. Qf1 Qxf3+ 34. Qg2 Qxg2+ 35. Kxg2 Bxe3 36. Rxe3 Nc5 37. Rb1 Nb3 38. Ree1 Rc7 39. Red1 Nc5 40. f3 Nxa4 41. Rdc1 Nc5 42. Rb6 a5 43. Ra1 a4 44. Rb4 Ra7 45. Rxc4 Ra5 46. Ra3 Rb5 47. Rb4 Ra5 48. c4 Kf7 49. Rb5 Rxb5 50. cxb5 Ke7 51. b6 Kd6 52. Rc3 a3 53. Rxa3 Kc6 54. Kg3 Kxb6 55. Ra8 Nd3 56. Rh8 h5 57. Rf8 Kc5 58. Rf6 Nf4 59. Rxf4 exf4+ 60. Kxf4 Kd4 61. h4 Kd3 62. Ke5 Ke3 63. Kxe6 g5 64. hxg5 h4 65. g6 h3 66. g7 h2 67. g8Q h1Q 68. Qg4 Qh6+ 69. Kf5 Qh7+ 70. Kg5 Qe7+ 71. Kh6 Qf6+ 72. Kh5 Qh8+ 73. Kg6 Qg8+ 74. Kf6 Qf8+ 75. Ke6 Qe8+ 76. Kd6 Qf8+ 77. Kd7 Qf7+ 78. Kc8 Qf8+ 79. Kc7 Qc5+ 80. Kd7 Qa7+ 81. Ke8 Qb8+ 82. Kf7 Qc7+ 83. Kg6 Qc6+ 84. Kg5 Qc7 85. Qf5 Qg3+ 86. Kh5 Qh2+ 87. Kg6 Qd6+ 88. Qf6 Qb8 89. e5 Qg8+ 90. Kh6 1-0

[Event "Heusenstamm Sparkassen op-A 6th"]
[Site "Heusenstamm"]
[Date "2019.11.23"]
[Round "4"]
[White "Harringer, Manfred"]
[Black "Tietzen, Stefan"]
[Result "1/2-1/2"]
[WhiteElo "2043"]
[BlackElo "1875"]
[PlyCount "172"]
[EventDate "2019.11.21"]
[EventType "swiss"]
[EventRounds "7"]
[EventCountry "GER"]
[SourceTitle "CBM 194 Extra"]
[Source "ChessBase"]
[SourceDate "2020.03.31"]
[SourceVersion "1"]
[SourceVersionDate "2020.03.31"]
[SourceQuality "1"]

1. e4 c5 2. Nf3 e6 3. c3 a6 4. Be2 Nc6 5. 0-0 Qc7 6. d4 d6 7. Bf4 Nf6 8. Nbd2 e5 9. Bg5 Be7 10. d5 Nb8 11. h3 h6 12. Be3 0-0 13. a4 b6 14. b4 Nbd7 15. Rc1 Bb7 16. g3 Rfc8 17. Nh4 Bf8 18. f4 Qd8 19. f5 Be7 20. Ng2 Nh7 21. Kh2 Rc7 22. Nb3 Nhf6 23. bxc5 Nxc5 24. Nxc5 dxc5 25. Qc2 Qd6 26. Rb1 Nd7 27. Bg1 Bc8 28. Ne3 Rb8 29. Rfd1 Qf6 30. Rb2 Bd6 31. Rdb1 Ra7 32. Nc4 Bc7 33. Be3 Kh7 34. Qd2 Bd8 35. Na3 Bb7 36. Rg1 Ba8 37. Rgb1 Bc7 38. Nc4 Rg8 39. Rf1 Bb7 40. Rfb1 Ba8 41. Qd1 g6 42. Bg4 g5 43. Nd2 Qe7 44. Qf1 f6 45. Be2 Bb7 46. Qf2 Rb8 47. Nb3 Bc8 48. a5 Qd6 49. axb6 Bxb6 50. Nd2 Bc7 51. Nc4 Qf8 52. Rxb8 Bxb8 53. Rxb8 Nxb8 54. Bxc5 Re7 55. Kg2 Nd7 56. Bxe7 Qxe7 57. Qa7 Qc5 58. Qxc5 Nxc5 59. Kf3 Na4 60. Nd6 Bd7 61. Bxa6 Nxc3 62. Bd3 Kg7 63. Ke3 Kf8 64. Kd2 Na4 65. Bb5 Nc5 66. Bd3 Ke7 67. Nc4 Nb3+ 68. Ke3 Nd4 69. Nd2 Kd6 70. Nf1 Be8 71. Nd2 Bd7 72. Ba6 Bb5 73. Bxb5 Nxb5 74. Nb3 Nc3 75. Nd2 Nd1+ 76. Ke2 Nc3+ 77. Kf3 h5 78. g4 h4 79. Nc4+ Kd7 80. Nb2 Nb5 81. Ke3 Nd4 82. Nc4 Nc2+ 83. Kf2 Nd4 84. Na3 Kd6 85. Ke3 Kd7 86. Nc4 Nc2+ 1/2-1/2

[Event "Heusenstamm Sparkassen op-A 6th"]
[Site "Heusenstamm"]
[Date "2019.11.22"]
[Round "3"]
[White "Ohler, Julius"]
[Black "Harringer, Manfred"]
[Result "1-0"]
[WhiteElo "1884"]
[BlackElo "2043"]
[PlyCount "63"]
[EventDate "2019.11.21"]
[EventType "swiss"]
[EventRounds "7"]
[EventCountry "GER"]
[SourceTitle "CBM 194 Extra"]
[Source "ChessBase"]
[SourceDate "2020.03.31"]
[SourceVersion "1"]
[SourceVersionDate "2020.03.31"]
[SourceQuality "1"]

1. c4 Nf6 2. Nc3 e5 3. g3 Bb4 4. Bg2 Bxc3 5. bxc3 0-0 6. d3 Re8 7. e4 c6 8. Bg5 d6 9. Ne2 Nbd7 10. 0-0 h6 11. Be3 Ng4 12. Bc1 Nc5 13. h3 Nf6 14. f4 Ne6 15. g4 exf4 16. Nxf4 Ng5 17. Rb1 Rb8 18. Ne2 b5 19. Nd4 Bd7 20. cxb5 cxb5 21. Bf4 Rb6 22. Qd2 Nfh7 23. Qf2 Ne6 24. Be3 Nc5 25. Qxf7+ Kh8 26. Nf5 Bxf5 27. Qxf5 Qe7 28. Qg6 Rf8 29. Bd4 d5 30. Rxf8+ Qxf8 31. Qf5 Nf6 32. e5 1-0

[Event "Heusenstamm Sparkassen op-A 5th"]
[Site "Heusenstamm"]
[Date "2018.11.25"]
[Round "7"]
[White "Schmitt, Carsten1111"]
[Black "Harringer, Manfred"]
[Result "0-1"]
[WhiteElo "1913"]
[BlackElo "2038"]
[PlyCount "84"]
[EventDate "2018.11.22"]
[EventType "swiss"]
[EventRounds "7"]
[EventCountry "GER"]
[SourceTitle "CBM 188 Extra"]
[Source "ChessBase"]
[SourceDate "2019.02.26"]
[SourceVersion "1"]
[SourceVersionDate "2019.02.26"]
[SourceQuality "1"]

1. c4 Nf6 2. g3 e6 3. Bg2 d5 4. Nf3 Be7 5. 0-0 0-0 6. b3 c5 7. e3 b6 8. Bb2 Bb7 9. Qe2 dxc4 10. bxc4 Nc6 11. Rd1 Qc8 12. Nc3 Rd8 13. Rac1 Nb4 14. d4 Ne4 15. a3 Na6 16. Nxe4 Bxe4 17. Ne5 Bxg2 18. Kxg2 f6 19. Nd3 Qc6+ 20. Qf3 Qxf3+ 21. Kxf3 Kf7 22. Nf4 g5 23. Ne2 cxd4 24. exd4 Rac8 25. g4 Rh8 26. Ng3 Rhd8 27. d5 Nc5 28. dxe6+ Nxe6 29. Ne4 Rxd1 30. Rxd1 Rxc4 31. Bxf6 Rxe4 32. Kxe4 Kxf6 33. h4 Bxa3 34. Ra1 Bc5 35. Rxa7 gxh4 36. f4 h6 37. Ra2 Bd6 38. Rb2 Bc7 39. Rh2 Bxf4 40. Rxh4 Kg5 41. Rh5+ Kxg4 42. Rb5 Ng5+ 0-1

[Event "Werther Schloss op 24th"]
[Site "Werther"]
[Date "2018.03.22"]
[Round "1"]
[White "Harringer, Manfred"]
[Black "Steffens, Olaf"]
[Result "0-1"]
[WhiteElo "2000"]
[BlackElo "2252"]
[PlyCount "46"]
[EventDate "2018.03.22"]
[EventType "swiss"]
[EventRounds "7"]
[EventCountry "GER"]
[SourceTitle "CBM 183 Extra"]
[Source "ChessBase"]
[SourceDate "2018.04.19"]
[SourceVersion "1"]
[SourceVersionDate "2018.04.19"]
[SourceQuality "1"]

1. e4 a6 2. c4 e5 3. Nf3 Nc6 4. Nc3 Nf6 5. d4 exd4 6. Nxd4 Bb4 7. Nxc6 bxc6 8. e5 Ne4 9. Qd4 Nc5 10. Bd2 Ne6 11. Qe4 0-0 12. 0-0-0 f5 13. Qd3 Rb8 14. g3 Qe7 15. Bg2 Nc5 16. Qe3 Qxe5 17. Rhe1 Qf6 18. Kc2 f4 19. Qe5 Qxe5 20. Rxe5 d6 21. Re7 Bf5+ 22. Be4 Nxe4 23. Nxe4 d5 0-1

[Event "Bayern-chI Bank Hofmann 21st"]
[Site "Tegernsee"]
[Date "2017.10.30"]
[Round "3"]
[White "Harringer, Manfred"]
[Black "Ruck, Robert"]
[Result "0-1"]
[WhiteElo "1973"]
[BlackElo "2533"]
[PlyCount "54"]
[EventDate "2017.10.28"]
[EventType "swiss"]
[EventRounds "9"]
[EventCountry "GER"]
[SourceTitle "CBM 181 Extra"]
[Source "ChessBase"]
[SourceDate "2017.12.12"]
[SourceVersion "1"]
[SourceVersionDate "2017.12.12"]
[SourceQuality "1"]

1. e4 c5 2. Nf3 d6 3. Bb5+ Nd7 4. 0-0 Ngf6 5. Re1 a6 6. Bxd7+ Nxd7 7. d4 e6 8. c4 Be7 9. Nc3 0-0 10. b3 b6 11. Bb2 Bb7 12. Qd3 Qc7 13. Rad1 Rad8 14. Qe3 Qb8 15. Ne2 b5 16. cxb5 axb5 17. d5 exd5 18. exd5 Bf6 19. Bxf6 Nxf6 20. Nf4 Qa8 21. Qd3 b4 22. Nh4 Bc8 23. Nf5 Bxf5 24. Qxf5 Qxa2 25. Re3 Rfe8 26. Rg3 Qb2 27. Qg5 Ne4 0-1

[Event "Dortmund Sparkassen op-A 45th"]
[Site "Dortmund"]
[Date "2017.07.21"]
[Round "7"]
[White "Wastian, Jan"]
[Black "Harringer, Manfred"]
[Result "1/2-1/2"]
[WhiteElo "1878"]
[BlackElo "1979"]
[PlyCount "29"]
[EventDate "2017.07.15"]
[EventType "swiss"]
[EventRounds "9"]
[EventCountry "GER"]
[SourceTitle "CBM 179 Extra"]
[Source "ChessBase"]
[SourceDate "2017.08.23"]
[SourceVersion "1"]
[SourceVersionDate "2017.08.23"]
[SourceQuality "1"]

1. e4 e5 2. Nf3 Nc6 3. Bb5 a6 4. Ba4 Nf6 5. d3 d6 6. c3 Be7 7. Nbd2 0-0 8. 0-0 Bg4 9. h3 Bxf3 10. Nxf3 Nd7 11. d4 b5 12. Bc2 Bf6 13. Be3 Na5 14. b3 c5 15. dxc5 1/2-1/2

[Event "Basel op"]
[Site "Basel"]
[Date "2017.01.03"]
[Round "2"]
[White "Harringer, Manfred"]
[Black "Schneider, Jana"]
[Result "0-1"]
[WhiteElo "2009"]
[BlackElo "2274"]
[PlyCount "168"]
[EventDate "2017.01.02"]
[EventType "swiss"]
[EventRounds "9"]
[EventCountry "SUI"]
[SourceTitle "CBM 176 Extra"]
[Source "ChessBase"]
[SourceDate "2017.03.02"]
[SourceVersion "1"]
[SourceVersionDate "2017.03.02"]
[SourceQuality "1"]

1. e4 e6 2. c4 Ne7 3. d4 d5 4. Nc3 c5 5. dxc5 d4 6. Na4 Nec6 7. a3 a5 8. Bd2 Na6 9. Nf3 Nxc5 10. Nxc5 Bxc5 11. Bd3 e5 12. b4 axb4 13. axb4 Rxa1 14. Qxa1 Nxb4 15. Nxe5 0-0 16. 0-0 Nxd3 17. Nxd3 b6 18. Qa7 Qd6 19. Rb1 Be6 20. Bf4 Qc6 21. Nxc5 bxc5 22. f3 Bxc4 23. Rb7 h6 24. Rc7 Qb5 25. Rb7 Qc6 26. Rc7 Ra8 27. Rxc6 Rxa7 28. Rxc5 Ra1+ 29. Kf2 Ra2+ 30. Kg1 Be2 31. Rd5 d3 32. Kf2 Bd1+ 33. Kf1 Kh7 34. h4 Bb3 35. Rd6 Bc4 36. Kg1 f6 37. Rd4 Ba6 38. h5 Ra5 39. Rd5 Ra1+ 40. Kf2 Ra3 41. Rd4 Bb5 42. Rd8 Bc4 43. Rd4 Ba2 44. Bd2 Bb1 45. Ke3 Bc2 46. Rd8 Rb3 47. Rd4 Rb1 48. Kf2 Rb2 49. Kg1 Rb3 50. Kf2 Bd1 51. Ke3 Be2 52. Kf2 Rb1 53. Be1 Kg8 54. Rd6 Kf7 55. Rd8 Ke7 56. Rd5 Ke6 57. Rd8 Rb5 58. g4 Rb2 59. Rd5 Bd1+ 60. Kg3 Re2 61. Bb4 Re3 62. Rf5 Bb3 63. Ra5 Kf7 64. Ra7+ Kg8 65. Kf4 Re2 66. Rd7 Bc2 67. Kf5 Kh7 68. Kf4 Rf2 69. Bc3 Kg8 70. Bb4 Rf1 71. Kf5 Kh7 72. Kf4 Rb1 73. Bc3 Kg8 74. Ba5 Rb3 75. Bd2 Bd1 76. Ke3 Be2 77. Rc7 Rb2 78. Ba5 Bf1 79. Bd2 Be2 80. Ba5 Rb1 81. f4 Rg1 82. g5 hxg5 83. fxg5 Rxg5 84. h6 Rxa5 0-1

[Event "Mittelrhein Verbandsliga-O 16/17"]
[Site "Nordrheinwestfalen"]
[Date "2016.10.02"]
[Round "2"]
[White "Hemmert, Burghard"]
[Black "Harringer, Manfred"]
[Result "1/2-1/2"]
[WhiteElo "2009"]
[BlackElo "1932"]
[PlyCount "76"]
[EventDate "2016.09.11"]
[EventType "team-tourn"]
[EventRounds "11"]
[EventCountry "GER"]
[SourceTitle "EXT 2022"]
[Source "ChessBase"]
[SourceDate "2021.10.06"]
[SourceVersion "1"]
[SourceVersionDate "2021.10.06"]
[SourceQuality "1"]
[WhiteTeam "Siebengebirge"]
[BlackTeam "Bergische SF II"]
[WhiteTeamCountry "GER"]
[BlackTeamCountry "GER"]

1. e4 e5 2. Nf3 Nc6 3. Bb5 d6 4. d4 exd4 5. Nxd4 Bd7 6. 0-0 Nf6 7. c4 Be7 8. Nc3 Nxd4 9. Qxd4 0-0 10. Bxd7 Nxd7 11. Be3 Bf6 12. Qd2 Re8 13. Bd4 Bxd4 14. Qxd4 Qf6 15. Qd2 Rac8 16. Qd5 Nc5 17. Rfe1 Rcd8 18. Qd2 c6 19. Rad1 Ne6 20. Qe3 Qg5 21. Qxa7 Nf4 22. g3 Qg4 23. Qe3 Nh3+ 24. Kg2 Ng5 25. f4 Qh3+ 26. Kg1 Ne6 27. Qf2 f6 28. Qg2 Qh5 29. Rd3 Qc5+ 30. Qf2 Qxc4 31. Red1 Nc5 32. Rd4 Qe6 33. Qd2 b5 34. Rxd6 Rxd6 35. Qxd6 Nxe4 36. Qxe6+ Rxe6 37. Nxe4 Rxe4 38. Kf2 Rc4 1/2-1/2

[Event "Rheinland Pfalz op 8th"]
[Site "Reil an der Mosel"]
[Date "2016.05.28"]
[Round "5"]
[White "Reitz, Philipp"]
[Black "Harringer, Manfred"]
[Result "1/2-1/2"]
[WhiteElo "1831"]
[BlackElo "2025"]
[PlyCount "119"]
[EventDate "2016.05.26"]
[EventType "swiss"]
[EventRounds "7"]
[EventCountry "GER"]
[SourceTitle "EXT 2018"]
[Source "ChessBase"]
[SourceDate "2017.10.13"]
[SourceVersion "1"]
[SourceVersionDate "2017.10.13"]
[SourceQuality "1"]

1. Nf3 Nf6 2. g3 d5 3. c4 c6 4. d4 e6 5. Bg2 Nbd7 6. 0-0 Be7 7. Nbd2 0-0 8. Qc2 b6 9. b3 Bb7 10. Bb2 Rc8 11. e4 dxe4 12. Nxe4 Qc7 13. Nc3 c5 14. Nb5 Qb8 15. Qe2 Rfe8 16. Bc1 Be4 17. Bf4 Qb7 18. Bd6 Rc6 19. Bxe7 Rxe7 20. Ne5 Bxg2 21. Kxg2 Nxe5 22. dxe5 Ne8 23. Kg1 a6 24. Nc3 Rc8 25. Rad1 Qc7 26. f4 Rd8 27. Rxd8 Qxd8 28. Rd1 Rd7 29. Rxd7 Qxd7 30. Qd1 Qc7 31. Kf2 Kf8 32. Ne4 Ke7 33. Qd3 h6 34. Ke3 Qc6 35. Qd2 Qc7 36. b4 cxb4 37. Qxb4+ Kd8 38. c5 bxc5 39. Qxc5 Qb7 40. Qf8 Qb6+ 41. Kf3 Qb7 42. Qc5 Qc7 43. Ke3 Qb7 44. Qd4+ Kc8 45. Qa4 Qb6+ 46. Kd3 Kd8 47. Qd4+ Kc7 48. Nc5 Kc6 49. Nb3 Qb5+ 50. Qc4+ Kb6 51. a4 Qxc4+ 52. Kxc4 a5 53. Nc5 Nc7 54. Ne4 Nd5 55. h4 Ne3+ 56. Kd4 Nf5+ 57. Kd3 Kc6 58. Kc4 Ne3+ 59. Kd4 Nf5+ 60. Kc4 1/2-1/2

[Event "Rheinland Pfalz op 8th"]
[Site "Reil an der Mosel"]
[Date "2016.05.27"]
[Round "3"]
[White "Barzen, Pascal"]
[Black "Harringer, Manfred"]
[Result "1-0"]
[WhiteElo "2259"]
[BlackElo "2025"]
[PlyCount "69"]
[EventDate "2016.05.26"]
[EventType "swiss"]
[EventRounds "7"]
[EventCountry "GER"]
[SourceTitle "EXT 2018"]
[Source "ChessBase"]
[SourceDate "2017.10.13"]
[SourceVersion "1"]
[SourceVersionDate "2017.10.13"]
[SourceQuality "1"]

1. e4 e5 2. Nf3 Nc6 3. Bb5 d6 4. 0-0 Nf6 5. Re1 Be7 6. c3 0-0 7. d4 Bd7 8. d5 Nb8 9. Bxd7 Nbxd7 10. c4 a5 11. Nc3 Nc5 12. Qc2 Nh5 13. Be3 b6 14. a3 a4 15. Bxc5 bxc5 16. Nxa4 Qd7 17. Nc3 f5 18. Nd2 Bg5 19. Nf1 f4 20. f3 Bh4 21. Rec1 g5 22. b4 g4 23. Nd2 Kh8 24. bxc5 Rg8 25. c6 Qe7 26. c5 Bg3 27. hxg3 gxf3 28. Nxf3 Rxg3 29. cxd6 cxd6 30. Nb5 Rxf3 31. c7 Rc8 32. gxf3 Rg8+ 33. Qg2 Rxg2+ 34. Kxg2 Qg5+ 35. Kf1 1-0

[Event "Rheinland Pfalz op 8th"]
[Site "Reil an der Mosel"]
[Date "2016.05.27"]
[Round "4"]
[White "Harringer, Manfred"]
[Black "Weber, Andreas"]
[Result "1/2-1/2"]
[WhiteElo "2025"]
[BlackElo "1796"]
[PlyCount "95"]
[EventDate "2016.05.26"]
[EventType "swiss"]
[EventRounds "7"]
[EventCountry "GER"]
[SourceTitle "EXT 2018"]
[Source "ChessBase"]
[SourceDate "2017.10.13"]
[SourceVersion "1"]
[SourceVersionDate "2017.10.13"]
[SourceQuality "1"]

1. e4 d5 2. exd5 Nf6 3. Bb5+ Nbd7 4. d3 Nxd5 5. Nf3 c6 6. Ba4 N7b6 7. Bb3 Bg4 8. Nc3 e6 9. Ne4 Be7 10. Bd2 a5 11. a3 0-0 12. h3 Bh5 13. Qe2 a4 14. Ba2 Qc7 15. Ng3 Bg6 16. Ne5 Bf5 17. 0-0 Rfe8 18. c4 Nf6 19. Bc3 c5 20. d4 Bg6 21. Rad1 Bd6 22. dxc5 Bxc5 23. h4 Nfd7 24. Rfe1 f6 25. Nxg6 Qxg3 26. h5 hxg6 27. hxg6 Qxg6 28. Bb1 f5 29. Qf3 Rab8 30. Rd3 Qg4 31. Qxg4 fxg4 32. Re4 e5 33. Rxg4 Rf8 34. Rh3 Bxf2+ 35. Kh2 Rf4 36. Rg5 Rh4 37. Bf5 Rxh3+ 38. Kxh3 Kf7 39. Bxd7 Nxd7 40. Rf5+ Nf6 41. Rxf2 Rh8+ 42. Kg3 Rh5 43. Re2 Ke6 44. Kf3 e4+ 45. Kg3 Rg5+ 46. Kh3 Rh5+ 47. Kg3 Rg5+ 48. Kh3 1/2-1/2